STL lập trình khái lược trong C++

Gespeichert in:
Bibliographische Detailangaben
1. Verfasser: Nguyễn Thanh Thủy
Format: Buch
Sprache:Undetermined
Veröffentlicht: H. KHKT
Schlagworte:
Tags: Tag hinzufügen
Keine Tags, Fügen Sie den ersten Tag hinzu!
Thư viện lưu trữ: Trung tâm Học liệu Trường Đại học Cần Thơ
LEADER 00486nam a2200169Ia 4500
001 CTU_55446
008 210402s9999 xx 000 0 und d
020 |b 42000 
082 |a 005.133 
082 |b Th523 
100 |a Nguyễn Thanh Thủy 
245 0 |a STL lập trình khái lược trong C++ 
245 0 |c Nguyễn Thanh Thủy 
260 |a H. 
260 |b KHKT 
650 |a C++ ( computer program language ) 
980 |a Trung tâm Học liệu Trường Đại học Cần Thơ